| 000 | 00409nam a2200157Ia 4500 | ||
|---|---|---|---|
| 008 | 220216s9999 xx 000 0 und d | ||
| 100 | _aDavies K M | ||
| 245 | 0 | _aEnvironmental aspects in the use of Rubber chemicals | |
| 260 |
_bKautschuk Gummi Kunststoffe _c1991 |
||
| 300 | _a838-841 | ||
| 650 | _aRubber chemicals | ||
| 650 | _aToxicity | ||
| 650 | _aVulcanization | ||
| 700 | _aFitch A | ||
| 942 | _cJS | ||
| 999 |
_c58654 _d58654 |
||